เปลี่ยนเป็นภาษาไทย

Change to English
 แสดงรายละเอียดบรรณานุกรม
  กลับหน้าหลัก

Brief Record : Get Marc (ISO 2709) : E-mail record : QR code กลับ
หนังสือการแพทย์ E-books หนังสือทั่วไป : เกี่ยวกับ Collections
LEADER 00000nam 2200000uu 4500
001    39252
003     ULIBM
008    020711s2568 th a 000 0 tha d
020    9786165937764
060    WM430 L864g
100    ชารอน โลสเกน
245    กระบวนการซาเทียร์ทักษะปฏิบัติสำหรับนักบำบัด/ชารอน โลสเกน, ผู้แปล : นาตาลี ฉันทะกุล
250    พิมพ์ครั้งที่ 1
260    กรุงเทพฯ :^bแบงค็อก ไซโคลอจิเคล เซอร์วิสเซส,^c2568
300    172 หน้า
650    การบำบัดแบบซาเทียร์
650    จิตบำบัดเชิงครอบครัว
650    จิตบำบัดเชิงมนุษยนิยม
650    ทักษะทางคลินิกสำหรับนักบำบัด
650    การพัฒนาตนเองในงานบำบัด
650    ความสัมพันธ์เชิงบำบัด
650    การสื่อสารในการบำบัด
650    แบบจำลองซาเทียร์ (Satir Model)
650    นาตาลี ฉันทะกุล, ผู้แปล
999    ^aฐานิตา โสภะสุนทร
รายการนี้ยังไม่มีแท็ก
คุณยังไม่ได้ล็อกอิน คุณสามารถมีกิจกรรมร่วมกับเว็บไซต์ได้ แต่ต้องล็อกอินก่อน ::
  ล็อกอิน
ลำดับที่ ประเภท เลขเรียก/บาร์โค้ด สถานที่ สถานะ
1. หนังสือทั่วไป
หนังสือทั่วไป
WM430 L864g 2568 ฉ.1 
  Barcode: 005418
KRPH Library On Shelf
  ขอยืม
2. หนังสือทั่วไป
หนังสือทั่วไป
WM430 L864g 2568 ฉ.2 
  Barcode: 005419
KRPH Library On Shelf
  ขอยืม
3. หนังสือทั่วไป
หนังสือทั่วไป
WM430 L864g 2568 ฉ.3 
  Barcode: 005420
KRPH Library On Shelf
  ขอยืม
   [แสดง 3/3 รายการ]

รายการใกล้เคียง
    หัวเรื่อง [การบำบัดแบบซาเทียร์]

BibComment


ยังไม่เคยถูกคอมเมนท์

คอมเมนท์ทรัพยากรรายการนี้
  คอมเมนท์: กระบวนการซาเทียร์..
Bib 39252


 Union Library Management : ULibM
Copyright 2026. All Rights Reserved.